[Event "FICS rated blitz game"]
[Site "FICS freechess.org"]
[Date "2018.01.01"]
[Round "?"]
[White "kiknit"]
[Black "spuddet"]
[Result "0-1"]
[WhiteElo "1440"]
[BlackElo "1411"]
[PlyCount "52"]
[EventDate "2018.??.??"]
[EventType "blitz"]

1. e4 e5 2. Nf3 Nc6 3. c3 Nf6 4. Bc4 d6 5. a3 Bg4 6. O-O Be7 7. h3 Bh5 8. d4
O-O 9. g4 Nxg4 10. hxg4 Bxg4 11. Be2 exd4 12. Nh2 Bh3 13. Re1 Ne5 14. cxd4 Ng6
15. Bg4 Bxg4 16. Qxg4 f5 17. exf5 Nh4 18. Bh6 Nxf5 19. Bf4 Rf6 20. Nf3 Rg6 21.
Ng5 Bxg5 22. Qxf5 Bxf4+ 23. Kf1 Qh4 24. Qd5+ Kh8 25. Qxb7 Qh1+ 26. Ke2 Qxb7 {
White resigns} 0-1

[Event "FICS rated blitz game"]
[Site "FICS freechess.org"]
[Date "2018.01.01"]
[Round "?"]
[White "Robeto"]
[Black "chessbridge"]
[Result "0-1"]
[WhiteElo "1503"]
[BlackElo "1567"]
[PlyCount "84"]
[EventDate "2018.??.??"]
[EventType "blitz"]

1. e4 e5 2. Nf3 Nc6 3. c3 Nf6 4. d4 Nxe4 5. d5 Ne7 6. Qe2 Nf6 7. Nxe5 Nfxd5 8.
Bg5 h6 9. Bh4 d6 10. Nxf7 Kxf7 11. Qh5+ Kg8 12. Qxd5+ Nxd5 13. Bxd8 Bf5 14. Nd2
Rxd8 15. Bc4 c6 16. O-O-O Kh7 17. Bxd5 cxd5 18. Nf3 Bg4 19. Rxd5 Bxf3 20. gxf3
Be7 21. Re1 Bf6 22. Re6 Rhe8 23. Rexd6 Rxd6 24. Rxd6 Re2 25. Rd7 b5 26. Rxa7 b4
27. cxb4 Rxb2 28. a3 Rxf2 29. a4 Rxf3 30. b5 Rb3 31. Rd7 Rb4 32. Ra7 Bd4 33.
Ra8 Kg6 34. h3 Kh5 35. Kc2 g5 36. Kd3 Kh4 37. Ke4 Kxh3 38. Kf5 g4 39. Rg8 h5
40. Rg5 Kh4 41. Rg8 Rxa4 42. Rg6 Rb4 0-1

[Event "FICS rated blitz game"]
[Site "FICS freechess.org"]
[Date "2018.01.01"]
[Round "?"]
[White "Feestt"]
[Black "corneliustacitus"]
[Result "1-0"]
[WhiteElo "1165"]
[BlackElo "1157"]
[PlyCount "55"]
[EventDate "2018.??.??"]
[EventType "blitz"]

1. e4 e5 2. Nf3 Nc6 3. c3 Bc5 4. a3 a6 5. b4 Bb6 6. d4 exd4 7. cxd4 d6 8. d5
Ne5 9. Nxe5 dxe5 10. h3 Qf6 11. Qe2 Ne7 12. Be3 Bxe3 13. Qxe3 O-O 14. Bd3 c6
15. dxc6 Qxc6 16. O-O f6 17. Nd2 b5 18. Rac1 Qe6 19. Nf3 f5 20. Ng5 Qg6 21.
exf5 Nxf5 22. Qd2 Bb7 23. Rc7 Rab8 24. Qa2+ Kh8 25. Qd2 h6 26. Bxf5 Rxf5 27.
Rxb7 Rxb7 28. Qd8+ {Black resigns} 1-0

[Event "FICS rated blitz game"]
[Site "FICS freechess.org"]
[Date "2018.01.01"]
[Round "?"]
[White "kiknit"]
[Black "RealHuman"]
[Result "1-0"]
[WhiteElo "1463"]
[BlackElo "1541"]
[PlyCount "27"]
[EventDate "2018.??.??"]
[EventType "blitz"]

1. e4 e5 2. Nf3 Nc6 3. c3 Nf6 4. Bc4 d5 5. exd5 Nxd5 6. d3 Nb6 7. Bb3 Bd6 8.
Ng5 O-O 9. Qh5 h6 10. Nf3 Bf5 11. Bxh6 gxh6 12. Qxh6 Bxd3 13. Nbd2 Nd5 14. Bxd5
{Black resigns} 1-0

[Event "FICS rated blitz game"]
[Site "FICS freechess.org"]
[Date "2018.01.01"]
[Round "?"]
[White "kiknit"]
[Black "daIlAi"]
[Result "1-0"]
[WhiteElo "1449"]
[BlackElo "1357"]
[PlyCount "93"]
[EventDate "2018.??.??"]
[EventType "blitz"]

1. e4 e5 2. Nf3 Nc6 3. c3 Nf6 4. d4 exd4 5. cxd4 Bb4+ 6. Nc3 Bxc3+ 7. bxc3 O-O
8. e5 Nd5 9. Be2 d6 10. Qc2 dxe5 11. Ng5 Nf6 12. h4 exd4 13. cxd4 Qxd4 14. Bb2
Qb4+ 15. Bc3 Qc5 16. h5 h6 17. Nf3 Nd5 18. Rc1 Nxc3 19. Qxc3 Qd6 20. Rd1 Qe7
21. Kf1 Be6 22. Bd3 Rad8 23. Bc2 Rxd1+ 24. Bxd1 Bxa2 25. Bc2 Re8 26. Kg1 Rd8
27. Kh2 Bd5 28. Re1 Qd6+ 29. Kg1 Bxf3 30. gxf3 Qf4 31. Re4 Qg5+ 32. Rg4 Qc1+
33. Kg2 Nd4 34. Rxd4 Rxd4 35. Qxd4 Qxc2 36. Qxa7 b5 37. Qb8+ Kh7 38. Qxb5 c5
39. Qe8 c4 40. Qxf7 c3 41. Qc4 Qc1 42. Qd3+ Kg8 43. Qd8+ Kh7 44. Qd3+ Kg8 45.
Qc4+ Kh7 46. Qe4+ Kg8 47. Qe6+ 1-0

[Event "FICS rated blitz game"]
[Site "FICS freechess.org"]
[Date "2018.01.01"]
[Round "?"]
[White "windbumwino"]
[Black "jvlick"]
[Result "1-0"]
[WhiteElo "1415"]
[BlackElo "1599"]
[PlyCount "79"]
[EventDate "2018.??.??"]
[EventType "blitz"]

1. e4 e5 2. c3 Nc6 3. Nf3 d6 4. d4 Bg4 5. d5 Nce7 6. Qa4+ Qd7 7. Bb5 c6 8. dxc6
Nxc6 9. Be2 Nf6 10. O-O Be7 11. Be3 a6 12. Nbd2 O-O 13. Qc2 h6 14. h3 Bh5 15.
Bd3 Bg6 16. Nh4 Bh7 17. Nf5 Bd8 18. f3 Ne7 19. Nxe7+ Bxe7 20. Nc4 Rfc8 21. Nb6
Qc6 22. Nxa8 Rxa8 23. Qb3 b5 24. c4 Rb8 25. cxb5 axb5 26. Rac1 Qe8 27. Rc2 Qd7
28. Rfc1 Bd8 29. Rc6 b4 30. Qc4 d5 31. exd5 Nxd5 32. Bf2 Bxd3 33. Qxd3 Nf6 34.
Qc4 Kh7 35. Rc8 Rxc8 36. Qxc8 Qe7 37. Bc5 Qe8 38. Bxb4 Bb6+ 39. Kh1 Qb5 40.
Qf5+ 1-0

[Event "FICS rated lightning game"]
[Site "FICS freechess.org"]
[Date "2018.01.01"]
[Round "?"]
[White "Sasha"]
[Black "kurumo"]
[Result "1-0"]
[WhiteElo "1568"]
[BlackElo "1718"]
[PlyCount "63"]
[EventDate "2018.??.??"]

1. e4 e5 2. Nf3 Nc6 3. c3 Nf6 4. d4 exd4 5. cxd4 Nxe4 6. Bd3 Qe7 7. O-O d5 8.
Re1 Bf5 9. Nfd2 O-O-O 10. f3 Nxd4 11. fxe4 dxe4 12. Nxe4 Bxe4 13. Rxe4 Qc5 14.
Be3 f5 15. Rf4 g5 16. Bxd4 Rxd4 17. Rxd4 Qxd4+ 18. Kh1 Qxb2 19. Nd2 Qd4 20.
Bxf5+ Kb8 21. Nf3 Qxd1+ 22. Rxd1 Bd6 23. Nd4 Rf8 24. Bg4 Rf4 25. Bf3 g4 26. Bd5
h5 27. Ne6 Rf6 28. Ng5 Rf5 29. Ne6 h4 30. a4 h3 31. g3 Rf2 32. Kg1 1-0

[Event "FICS rated blitz game"]
[Site "FICS freechess.org"]
[Date "2018.01.01"]
[Round "?"]
[White "kiknit"]
[Black "spuddet"]
[Result "0-1"]
[WhiteElo "1449"]
[BlackElo "1402"]
[PlyCount "42"]
[EventDate "2018.??.??"]
[EventType "blitz"]

1. e4 e5 2. Nf3 Nc6 3. c3 Nf6 4. Bc4 d6 5. d4 Bg4 6. h3 Bh5 7. O-O Be7 8. g4
Bg6 9. Nh4 d5 10. Nxg6 hxg6 11. exd5 Nxd5 12. Qf3 Nf4 13. dxe5 Nxh3+ 14. Kg2
Nxe5 15. Qxb7 Nxc4 16. Qc6+ Kf8 17. Qxc4 Qd6 18. Be3 Ng5 19. Bf4 Qd7 20. Nd2
Qxg4+ 21. Bg3 Qh3+ {White resigns} 0-1

[Event "FICS rated blitz game"]
[Site "FICS freechess.org"]
[Date "2018.01.01"]
[Round "?"]
[White "kiknit"]
[Black "raffa"]
[Result "0-1"]
[WhiteElo "1447"]
[BlackElo "1407"]
[PlyCount "62"]
[EventDate "2018.??.??"]
[EventType "blitz"]

1. e4 e5 2. Nf3 Nc6 3. c3 Bc5 4. Bc4 d6 5. O-O Nf6 6. d4 Bb6 7. dxe5 Nxe5 8.
Nxe5 dxe5 9. Qb3 O-O 10. Bg5 Qe7 11. Nd2 Be6 12. Bxe6 Qxe6 13. Qc2 Ng4 14. h3
Nf6 15. Nf3 c6 16. Rad1 Bc7 17. Rd2 h6 18. Bh4 g5 19. Bxg5 hxg5 20. Nxg5 Qe7
21. Rd3 Nh5 22. Qd2 Nf4 23. Rg3 Kh8 24. Rg4 f5 25. exf5 Rxf5 26. Rh4+ Kg8 27.
Nh7 Qxh4 28. Qc2 Qxh7 29. g4 Nxh3+ 30. Kg2 Rg5 31. Kg3 Qxc2 {White resigns} 0-1

[Event "FICS rated blitz game"]
[Site "FICS freechess.org"]
[Date "2018.01.01"]
[Round "?"]
[White "morts"]
[Black "Viroo"]
[Result "0-1"]
[WhiteElo "1151"]
[BlackElo "1202"]
[PlyCount "60"]
[EventDate "2018.??.??"]
[EventType "blitz"]

1. e4 e5 2. Nf3 Nc6 3. c3 a6 4. g3 Bc5 5. Bg2 Nge7 6. O-O d6 7. d3 Bg4 8. Nbd2
f5 9. Qb3 Rb8 10. Ng5 Bh5 11. h4 Bg6 12. exf5 Nxf5 13. Nge4 Ba7 14. Nf3 Bf7 15.
c4 O-O 16. Nfg5 Ncd4 17. Qd1 h6 18. Nxf7 Rxf7 19. Nc3 Ne6 20. Bd5 Qe7 21. Ne4
c6 22. Bxe6 Qxe6 23. c5 d5 24. Nc3 Bxc5 25. Na4 Ba7 26. b3 Nxg3 27. Kg2 Nf5 28.
d4 Nxh4+ 29. Kg1 Qh3 30. f3 Qg2# {White checkmated} 0-1

[Event "FICS rated blitz game"]
[Site "FICS freechess.org"]
[Date "2018.01.01"]
[Round "?"]
[White "bladehut"]
[Black "Rdyrvik"]
[Result "0-1"]
[WhiteElo "1125"]
[BlackElo "1256"]
[PlyCount "44"]
[EventDate "2018.??.??"]
[EventType "blitz"]

1. e4 e5 2. Nf3 Nc6 3. c3 Nf6 4. Bd3 Be7 5. h3 O-O 6. b4 d5 7. b5 dxe4 8. bxc6
exd3 9. Nxe5 Qd6 10. f4 bxc6 11. a3 Nd5 12. Qa4 Bd7 13. Nxd3 Bh4+ 14. Nf2 Rfe8+
15. Kf1 Nxf4 16. Bb2 Bxf2 17. Kxf2 Nd3+ 18. Kg1 Nxb2 19. Qh4 Nd3 20. g3 Re1+
21. Kg2 Qd5+ 22. Kh2 Qxh1# {White checkmated} 0-1

[Event "FICS rated blitz game"]
[Site "FICS freechess.org"]
[Date "2018.01.01"]
[Round "?"]
[White "Pirusalem"]
[Black "sdarjee"]
[Result "0-1"]
[WhiteElo "1086"]
[BlackElo "1262"]
[PlyCount "114"]
[EventDate "2018.??.??"]
[EventType "blitz"]

1. e4 e5 2. Nf3 Nc6 3. c3 d5 4. d3 dxe4 5. dxe4 Qxd1+ 6. Kxd1 Bg4 7. Be2 O-O-O+
8. Bd2 Nf6 9. h3 Bh5 10. g4 Bg6 11. Ng5 Nxe4 12. Nxe4 Bxe4 13. Re1 Bc5 14. f3
Bxb1 15. Rxb1 Be3 16. Kc2 Rxd2+ 17. Kb3 Bf4 18. Rbd1 Rhd8 19. Rb1 Bg3 20. Red1
Rxe2 21. Rxd8+ Nxd8 22. Rd1 Nc6 23. Kc4 Bf4 24. Kc5 Rxb2 25. a4 Be3+ 26. Kc4
Na5+ 27. Kd3 Bf4 28. Ke4 b6 29. Kf5 g6+ 30. Kf6 Rc2 31. Kxf7 Rxc3 32. Kg7 Rxf3
33. Kxh7 g5 34. Kg6 Rxh3 35. Kf5 Rg3 36. Rh1 Kb7 37. Rh7 Ra3 38. Rh5 Rxa4 39.
Rxg5 Bxg5 40. Kxg5 c5 41. Kf5 c4 42. g5 c3 43. g6 Rf4+ 44. Kxe5 Rg4 45. Kf6 c2
46. g7 c1=Q 47. Kf7 Rf4+ 48. Kg8 Qc8+ 49. Kh7 Rh4+ 50. Kg6 Qe8+ 51. Kg5 Qe7+
52. Kg6 Rg4+ 53. Kf5 Qxg7 54. Ke6 Rg6+ 55. Kf5 Rf6+ 56. Ke5 Qe7+ 57. Kd5 Rd6# {
White checkmated} 0-1

[Event "FICS rated standard game"]
[Site "FICS freechess.org"]
[Date "2018.01.01"]
[Round "?"]
[White "pokernut"]
[Black "groovyhassle"]
[Result "0-1"]
[WhiteElo "1610"]
[BlackElo "1344"]
[PlyCount "42"]
[EventDate "2018.??.??"]

1. e4 e5 2. Nf3 Nc6 3. c3 Nf6 4. Bd3 h6 5. O-O d5 6. Qe2 Bg4 7. h3 h5 8. hxg4
hxg4 9. Nh2 Nd7 10. Qxg4 Rh4 11. Qf3 d4 12. cxd4 Nxd4 13. Qg3 Qf6 14. Nc3 Qh6
15. Nd5 O-O-O 16. Ne3 g5 17. Nf5 Nxf5 18. exf5 Nf6 19. Bc2 Bd6 20. d3 Nh7 21.
Nf3 Rh1# {White checkmated} 0-1

[Event "FICS rated blitz game"]
[Site "FICS freechess.org"]
[Date "2018.01.01"]
[Round "?"]
[White "Jephtah"]
[Black "tigrotto"]
[Result "1-0"]
[WhiteElo "1511"]
[BlackElo "1564"]
[PlyCount "71"]
[EventDate "2018.??.??"]
[EventType "blitz"]

1. e4 e5 2. Nf3 Nc6 3. c3 Bc5 4. b4 Bb6 5. a4 a5 6. Bb5 d6 7. d4 Qe7 8. d5 Bd7
9. dxc6 bxc6 10. Bc4 Nf6 11. Bd3 Ng4 12. O-O O-O 13. h3 Nh6 14. Bxh6 gxh6 15.
Qd2 Qf6 16. Kh2 Kh8 17. Rg1 Rg8 18. Na3 Rg6 19. Nc4 Ba7 20. bxa5 Rag8 21. Bf1
Qe6 22. Ne3 Qf6 23. a6 h5 24. Rb1 Bc8 25. a5 h4 26. Nf5 Bxf5 27. exf5 Qxf5 28.
Nxh4 Qxb1 29. Nxg6+ Qxg6 30. Qb2 Qf6 31. f3 Qf4+ 32. Kh1 Bxg1 33. Kxg1 Qxf3 34.
a7 Qe3+ 35. Qf2 Qxa7 36. Qxa7 {Black resigns} 1-0

[Event "FICS rated blitz game"]
[Site "FICS freechess.org"]
[Date "2018.01.01"]
[Round "?"]
[White "Jephtah"]
[Black "ouucch"]
[Result "1-0"]
[WhiteElo "1539"]
[BlackElo "1525"]
[PlyCount "133"]
[EventDate "2018.??.??"]
[EventType "blitz"]

1. e4 e5 2. Nf3 Nc6 3. c3 Bc5 4. b4 Bb6 5. a4 a5 6. Bb5 d6 7. d4 Bd7 8. d5 Nce7
9. O-O axb4 10. Bxd7+ Qxd7 11. cxb4 Nf6 12. Nc3 h6 13. a5 Ba7 14. h3 Ng6 15. b5
O-O 16. a6 bxa6 17. bxa6 c6 18. Qa4 cxd5 19. exd5 Qxa4 20. Rxa4 Rfe8 21. Be3
Bxe3 22. fxe3 e4 23. Nd4 Nh5 24. Nc6 Ne5 25. a7 f6 26. Rb1 Nd3 27. Rb8 Nc5 28.
Rxe8+ Rxe8 29. a8=Q Rxa8 30. Rxa8+ Kh7 31. Nb5 Ng3 32. Nxd6 Ne2+ 33. Kf2 Nc3
34. Ra7 Nd3+ 35. Kf1 Nxd5 36. Nxe4 Nxe3+ 37. Ke2 Nxg2 38. Kxd3 Nf4+ 39. Kc3
Nxh3 40. Nxf6+ Kg6 41. Ne8 h5 42. Rxg7+ Kh6 43. Rg3 Nf4 44. Kd2 h4 45. Rg4 Ng6
46. Ke3 Kh5 47. Rg1 h3 48. Nf6+ Kh4 49. Ne4 h2 50. Rh1 Kh3 51. Kf2 Nf4 52. Ng5+
Kg4 53. Nf3 Kh3 54. Rxh2+ Kg4 55. Nce5+ Kf5 56. Rh4 Nd5 57. Nd3 Ne7 58. Ke3 Ke6
59. Rh5 Nd5+ 60. Kd4 Nf6 61. Re5+ Kf7 62. Rf5 Kg6 63. Ra5 Nd7 64. Nf4+ Kf7 65.
Ne5+ Ke8 66. Nxd7 Kxd7 67. Ra6 1-0

[Event "FICS rated blitz game"]
[Site "FICS freechess.org"]
[Date "2018.01.01"]
[Round "?"]
[White "eduardopaz"]
[Black "AnderssenA"]
[Result "0-1"]
[WhiteElo "1355"]
[BlackElo "2440"]
[PlyCount "36"]
[EventDate "2018.??.??"]
[EventType "blitz"]

1. e4 e5 2. Nf3 Nc6 3. c3 d5 4. exd5 Qxd5 5. Na3 Bxa3 6. bxa3 e4 7. c4 Qd6 8.
Ng5 Qe5 9. d4 exd3+ 10. Be3 d2+ 11. Qxd2 Qxa1+ 12. Ke2 Bf5 13. g4 Rd8 14. Qe1
Bd3+ 15. Kf3 Qxe1 16. Bxd3 Qxh1+ 17. Ke2 Ne5 18. Bxh7 Qd1# {White checkmated}
0-1

[Event "FICS rated blitz game"]
[Site "FICS freechess.org"]
[Date "2018.01.01"]
[Round "?"]
[White "cubs"]
[Black "slnko"]
[Result "0-1"]
[WhiteElo "1534"]
[BlackElo "1380"]
[PlyCount "38"]
[EventDate "2018.??.??"]
[EventType "blitz"]

1. e4 e5 2. Nf3 Nc6 3. c3 Nf6 4. d4 Nxe4 5. d5 Ne7 6. Nxe5 d6 7. Nf3 Ng6 8.
Nbd2 Nf6 9. Nb3 Be7 10. c4 O-O 11. Bd3 Re8 12. O-O Bf8 13. Nbd4 Ne5 14. Bf4
Nxd3 15. Qxd3 h6 16. Rfe1 Bg4 17. Rxe8 Qxe8 18. Re1 Qd7 19. Qc3 a6 0-1

[Event "FICS rated blitz game"]
[Site "FICS freechess.org"]
[Date "2018.01.01"]
[Round "?"]
[White "bladehut"]
[Black "Velobender"]
[Result "0-1"]
[WhiteElo "1108"]
[BlackElo "1130"]
[PlyCount "130"]
[EventDate "2018.??.??"]
[EventType "blitz"]

1. e4 e5 2. Nf3 Nc6 3. c3 Be7 4. b4 d6 5. d4 Bf6 6. d5 Nce7 7. Bb5+ Bd7 8. a4
a6 9. Bd3 b5 10. a5 c6 11. Nbd2 cxd5 12. Bb2 dxe4 13. Nxe4 d5 14. Nd6+ Kf8 15.
Nb7 Qc7 16. Nc5 e4 17. Nd4 Bxd4 18. Nxd7+ Qxd7 19. Bc2 Be5 20. O-O Nf6 21. Re1
Qc6 22. f4 Bxf4 23. c4 bxc4 24. Bxf6 gxf6 25. Ba4 Qd6 26. g3 Bxg3 27. Ra2 Bxe1
28. Qxe1 Rg8+ 29. Kf1 Qf4+ 30. Rf2 Qg5 31. Qc3 Rg6 32. b5 axb5 33. Bxb5 e3 34.
Rf3 Qe5 35. Rxe3 Qxc3 36. Rxc3 Rb8 37. a6 Rxb5 38. Ra3 Nc6 39. a7 Nxa7 40. Rxa7
Rg4 41. Ra6 c3 42. Ke2 Rd4 43. Rc6 Rb2+ 44. Ke3 Rbd2 45. Rxc3 R4d3+ 46. Rxd3
Rxd3+ 47. Kxd3 Ke7 48. Kd4 Ke6 49. h4 h5 50. Ke3 Ke5 51. Kf3 f5 52. Ke3 d4+ 53.
Kd3 f4 54. Ke2 Ke4 55. Kf2 f3 56. Ke1 Ke3 57. Kf1 d3 58. Kg1 f2+ 59. Kf1 d2 60.
Kg2 f1=Q+ 61. Kxf1 d1=Q+ 62. Kg2 Qf3+ 63. Kh2 Qf4+ 64. Kg2 Qxh4 65. Kf1 Qf2# {
White checkmated} 0-1

[Event "FICS rated blitz game"]
[Site "FICS freechess.org"]
[Date "2018.01.01"]
[Round "?"]
[White "rusalka"]
[Black "Creuse"]
[Result "1-0"]
[WhiteElo "1165"]
[BlackElo "1099"]
[PlyCount "87"]
[EventDate "2018.??.??"]
[EventType "blitz"]

1. e4 e5 2. Nf3 Nc6 3. c3 a6 4. d4 Nf6 5. Bg5 Be7 6. Be2 Nxe4 7. Bxe7 Qxe7 8.
Nbd2 Nd6 9. Nxe5 Nxe5 10. dxe5 Nf5 11. Qa4 O-O 12. Qe4 Nh6 13. Nb3 Qe6 14.
O-O-O d5 15. Rxd5 b6 16. Rd4 Rb8 17. Bd3 g6 18. Bc4 Qe7 19. Qh4 Qxh4 20. Rxh4
Nf5 21. Rg4 Ne7 22. Rd4 Nc6 23. Re4 Bf5 24. Re2 b5 25. Bd5 Ne7 26. Be4 Bg4 27.
Rd2 Be6 28. Kc2 Bxb3+ 29. Kxb3 c5 30. Rd7 Nc8 31. Kc2 Nb6 32. Rc7 c4 33. e6
fxe6 34. Rd1 Rxf2+ 35. Kb1 Rf4 36. Bf3 Na4 37. Rd6 e5 38. Rxa6 Nb6 39. Re7 Na4
40. Raa7 Kf8 41. Rxh7 Ke8 42. Bc6+ Kd8 43. Rh8+ Rf8 44. Rxf8# {Black checkmated
} 1-0

[Event "FICS rated blitz game"]
[Site "FICS freechess.org"]
[Date "2018.01.01"]
[Round "?"]
[White "buckOfive"]
[Black "QueenBelle"]
[Result "0-1"]
[WhiteElo "1042"]
[BlackElo "936"]
[PlyCount "76"]
[EventDate "2018.??.??"]
[EventType "blitz"]

1. e4 e5 2. Nf3 Nc6 3. c3 Nf6 4. d3 d5 5. Nbd2 Bd6 6. Be2 Bg4 7. d4 Qe7 8. dxe5
Nxe5 9. Nxe5 Bxe2 10. Qxe2 Bxe5 11. Nf3 Nxe4 12. O-O h6 13. Qb5+ c6 14. Qd3 f6
15. Be3 g5 16. Rae1 c5 17. Bc1 O-O-O 18. a3 c4 19. Qc2 b5 20. a4 a6 21. Nd4
Bxd4 22. cxd4 Qf7 23. f3 Nd6 24. b3 Qc7 25. b4 Rde8 26. Rd1 Kb7 27. a5 Re6 28.
Kh1 Rhe8 29. h4 c3 30. hxg5 hxg5 31. Kg1 Re2 32. Qb3 Qc4 33. Qxc4 Nxc4 34. f4
c2 35. Rd3 g4 36. f5 Re1 37. Rxe1 Rxe1+ 38. Kf2 Rxc1 {White resigns} 0-1

[Event "FICS rated standard game"]
[Site "FICS freechess.org"]
[Date "2018.01.01"]
[Round "?"]
[White "FyFazan"]
[Black "mingobillares"]
[Result "1-0"]
[WhiteElo "1649"]
[BlackElo "1467"]
[PlyCount "29"]
[EventDate "2018.??.??"]

1. e4 e5 2. Nf3 Nc6 3. c3 Bc5 4. d4 exd4 5. cxd4 Bb6 6. Nc3 Nf6 7. e5 Ng8 8.
Bg5 f6 9. exf6 Nxf6 10. Nd5 O-O 11. Nxf6+ gxf6 12. Bh6 d5 13. Bxf8 Qxf8 14. Be2
Bxd4 15. Nxd4 {Black resigns} 1-0

[Event "FICS rated blitz game"]
[Site "FICS freechess.org"]
[Date "2018.01.01"]
[Round "?"]
[White "jbuky"]
[Black "RoughHiker"]
[Result "1-0"]
[WhiteElo "1403"]
[BlackElo "1604"]
[PlyCount "39"]
[EventDate "2018.??.??"]
[EventType "blitz"]

1. e4 e5 2. Nf3 Nc6 3. c3 Nf6 4. d4 d6 5. Bb5 Bd7 6. d5 Ne7 7. Bxd7+ Nxd7 8.
Bg5 h6 9. Bh4 Qc8 10. Qa4 Ng6 11. Bg3 Be7 12. Nbd2 O-O 13. b4 a5 14. Qc2 Nf6
15. O-O Nh5 16. b5 Nxg3 17. hxg3 b6 18. a4 f5 19. exf5 Qxf5 20. Ne4 1-0

[Event "FICS rated blitz game"]
[Site "FICS freechess.org"]
[Date "2018.01.01"]
[Round "?"]
[White "JoaoC"]
[Black "minobara"]
[Result "1-0"]
[WhiteElo "1522"]
[BlackElo "1315"]
[PlyCount "137"]
[EventDate "2018.??.??"]
[EventType "blitz"]

1. e4 e5 2. Nf3 Nc6 3. c3 Nf6 4. d3 Be7 5. Be2 d5 6. Nbd2 dxe4 7. Nxe4 Nxe4 8.
dxe4 Qxd1+ 9. Bxd1 O-O 10. O-O Bg4 11. Be3 a6 12. h3 Be6 13. Bb3 Bxb3 14. axb3
f5 15. exf5 Rxf5 16. Rad1 e4 17. Nd4 Nxd4 18. Bxd4 Rd5 19. c4 Rd7 20. Bc3 Rad8
21. Rxd7 Rxd7 22. Re1 Bf6 23. Rxe4 Rd1+ 24. Kh2 Bxc3 25. bxc3 Rd7 26. g4 g6 27.
Kg3 Kg7 28. Re3 b6 29. f4 a5 30. Kf3 Kf6 31. Ke2 h6 32. Rd3 Re7+ 33. Kf2 c6 34.
h4 g5 35. fxg5+ hxg5 36. h5 Re6 37. Rf3+ Kg7 38. Rf5 b5 39. cxb5 cxb5 40. Rxg5+
Kh6 41. Rxb5 Rc6 42. c4 Ra6 43. c5 a4 44. bxa4 Rxa4 45. Kg3 Ra3+ 46. Kh4 Rc3
47. Rb6+ Kg7 48. Kg5 Rxc5+ 49. Kh4 Rd5 50. Rg6+ Kh7 51. Rg5 Rd6 52. Rb5 Rd7 53.
Rb4 Rd5 54. g5 Rd7 55. Rf4 Re7 56. Kg4 Ra7 57. h6 Kg6 58. Rf6+ Kh7 59. Kh5 Ra5
60. Rf7+ Kg8 61. Rd7 Ra8 62. h7+ Kh8 63. Rc7 Rd8 64. Rf7 Ra8 65. Kg6 Ra6+ 66.
Rf6 Ra8 67. Kh6 Rc8 68. g6 Rd8 69. g7# {Black checkmated} 1-0

[Event "FICS rated blitz game"]
[Site "FICS freechess.org"]
[Date "2018.01.01"]
[Round "?"]
[White "trajamohan"]
[Black "jirikb"]
[Result "0-1"]
[WhiteElo "1401"]
[BlackElo "1413"]
[PlyCount "46"]
[EventDate "2018.??.??"]
[EventType "blitz"]

1. e4 e5 2. Nf3 Nc6 3. c3 Bc5 4. Bc4 d6 5. Qb3 Qe7 6. O-O Nf6 7. d4 exd4 8. e5
dxe5 9. cxd4 Bxd4 10. Nxd4 Nxd4 11. Qa4+ c6 12. Bg5 O-O 13. Qd1 h6 14. Bh4 Be6
15. Bxe6 Qxe6 16. Nc3 Nd5 17. Re1 Nf5 18. Bg3 Nxg3 19. hxg3 Rad8 20. Qh5 Nxc3
21. bxc3 f6 22. a4 Qc4 23. Re4 Qxe4 {White resigns} 0-1

[Event "FICS rated blitz game"]
[Site "FICS freechess.org"]
[Date "2018.01.01"]
[Round "?"]
[White "jezebelben"]
[Black "aguisou"]
[Result "1-0"]
[WhiteElo "1352"]
[BlackElo "1131"]
[PlyCount "45"]
[EventDate "2018.??.??"]
[EventType "blitz"]

1. e4 e5 2. Nf3 Nc6 3. c3 Bc5 4. d4 Bb6 5. d5 Nce7 6. Be2 Nf6 7. O-O O-O 8.
Nbd2 Ng4 9. h3 Nxf2 10. Qb3 Nxh3+ 11. Kh2 Nf4 12. Bd1 d6 13. Nc4 Bc5 14. Bxf4
exf4 15. Qc2 Ng6 16. b4 Bg4 17. bxc5 Bxf3 18. gxf3 Qh4+ 19. Kg1 Ne5 20. Nxe5
dxe5 21. Rf2 Qg3+ 22. Rg2 Qxf3 23. Bxf3 {Black resigns} 1-0

[Event "FICS rated blitz game"]
[Site "FICS freechess.org"]
[Date "2018.01.01"]
[Round "?"]
[White "ozzynoid"]
[Black "hhattori"]
[Result "0-1"]
[WhiteElo "1671"]
[BlackElo "1729"]
[PlyCount "84"]
[EventDate "2018.??.??"]
[EventType "blitz"]

1. e4 e5 2. Nf3 Nc6 3. c3 Bc5 4. Bc4 d6 5. d4 exd4 6. cxd4 Bb4+ 7. Bd2 Bxd2+ 8.
Nbxd2 Bg4 9. h3 Bh5 10. g4 Bg6 11. Qe2 Nge7 12. O-O O-O 13. Rfe1 h6 14. a3 Re8
15. Ba2 Bh7 16. Qc4 Rf8 17. Rad1 Ng6 18. e5 dxe5 19. dxe5 Qe7 20. e6 Qf6 21.
exf7+ Kh8 22. Ne4 Qxf3 23. Re3 Qxd1+ 24. Kg2 Nf4+ 25. Kg3 Nh5+ 26. gxh5 Qxh5
27. Nc5 Qg5+ 28. Kh2 Ne5 29. Qd4 Nxf7 30. Ne6 Qf6 31. Qxf6 gxf6 32. Nxf8 Rxf8
33. Re7 Kg8 34. Rxc7 Bg6 35. Rxb7 Re8 36. Rxa7 Re2 37. Kg3 Rxb2 38. Bxf7+ Bxf7
39. a4 Kg7 40. a5 Kg6 41. a6 Rb3+ 42. Kf4 Bc4 0-1

[Event "FICS rated blitz game"]
[Site "FICS freechess.org"]
[Date "2018.01.01"]
[Round "?"]
[White "SorryYouLose"]
[Black "LouHoltz"]
[Result "0-1"]
[WhiteElo "1257"]
[BlackElo "1752"]
[PlyCount "62"]
[EventDate "2018.??.??"]
[EventType "blitz"]

1. e4 e5 2. Nf3 Nc6 3. c3 Nf6 4. Qc2 Bc5 5. h3 d6 6. Bc4 O-O 7. O-O a6 8. d3
Ba7 9. a4 h6 10. b4 Ne7 11. Nh4 g5 12. Nf5 Nxf5 13. exf5 Bxf5 14. Nd2 d5 15.
Bb3 Re8 16. Kh1 Qd7 17. Kh2 Rad8 18. Nf3 c6 19. Qd2 Nh5 20. Re1 Bb8 21. Nxg5
hxg5 22. Qxg5+ Ng7 23. b5 Bxd3 24. Kg1 axb5 25. axb5 Bxb5 26. Re3 f5 27. Rf3 e4
28. Re3 Qe7 29. Qh6 Rd6 30. Qf4 Rg6 31. Bxd5+ cxd5 0-1

[Event "FICS unrated blitz game"]
[Site "FICS freechess.org"]
[Date "2018.01.01"]
[Round "?"]
[White "ngin"]
[Black "derhans"]
[Result "0-1"]
[WhiteElo "1206"]
[BlackElo "1212"]
[PlyCount "45"]
[EventDate "2018.??.??"]
[EventType "blitz"]

1. e4 e5 2. Nf3 Nc6 3. c3 Nf6 4. d3 h6 5. Na3 Bxa3 6. bxa3 d6 7. Qb3 b6 8. Qa4
Bd7 9. Qc2 O-O 10. Bxh6 gxh6 11. Nh4 Nh7 12. Nf5 Bxf5 13. exf5 Qf6 14. d4 exd4
15. Bd3 dxc3 16. O-O d5 17. Rac1 d4 18. Qa4 Ng5 19. h4 Nh7 20. Be4 a5 21. Bxc6
Rad8 22. Be4 Qxh4 23. f3 {White resigns} 0-1

[Event "FICS rated blitz game"]
[Site "FICS freechess.org"]
[Date "2018.01.01"]
[Round "?"]
[White "denk"]
[Black "laspac"]
[Result "0-1"]
[WhiteElo "1369"]
[BlackElo "1410"]
[PlyCount "68"]
[EventDate "2018.??.??"]
[EventType "blitz"]

1. e4 e5 2. Nf3 Nc6 3. c3 Bc5 4. Bc4 h6 5. O-O d6 6. d4 Bg4 7. dxc5 dxc5 8. Qb3
Na5 9. Qb5+ Nc6 10. Nxe5 Bd7 11. Bxf7+ Kf8 12. Qxc5+ Qe7 13. Ng6+ Kxf7 14. Nxe7
Ngxe7 15. Be3 Rhe8 16. Nd2 Kg8 17. Rad1 Bg4 18. Nf3 Rf8 19. Ne5 Nxe5 20. Qxe5
Bxd1 21. Rxd1 Nc6 22. Qd5+ Kh8 23. Qb3 Rab8 24. h3 a6 25. f4 Rfe8 26. e5 Ne7
27. Qf7 c6 28. f5 Nd5 29. Bd4 Rf8 30. Qg6 Nf4 31. Qg4 Nd5 32. Qg6 Rbd8 33. f6
Nf4 34. Qg4 Ne6 0-1